La Planifacation marketing dans l 'entreprise moderne
Strategické aspekty marketingového plánovania. Plánovanie ako integrovaná súčasť organizácie. Plánovanie ako problém. Marketingový plán. Externá a interná analýza trhu ako súčasti marketingového plánovania.
Salvato in:
| Autore principale: | |
|---|---|
| Natura: | Capitolo di libro |
| Lingua: | francese |
| Soggetti: | |
| Tags: |
Nessun Tag, puoi essere il primo ad aggiungerne!!
|
MARC
| LEADER | 00000naa$a2200000$$$4500 | ||
|---|---|---|---|
| 001 | 0049718 | ||
| 005 | 20240502083131.3 | ||
| 041 | 0 | |a fre | |
| 044 | |a BG | ||
| 245 | 1 | 0 | |a La Planifacation marketing dans l 'entreprise moderne |c Pavol Kita |
| 520 | |a Strategické aspekty marketingového plánovania. Plánovanie ako integrovaná súčasť organizácie. Plánovanie ako problém. Marketingový plán. Externá a interná analýza trhu ako súčasti marketingového plánovania. | ||
| 610 | 2 | 0 | |a marketing |
| 610 | 2 | 0 | |a marketing strategický |
| 610 | 2 | 0 | |a plánovanie |
| 610 | 2 | 0 | |a organizácia |
| 610 | 2 | 0 | |a ponuka |
| 610 | 2 | 0 | |a dopyt |
| 610 | 2 | 0 | |a spotrebitelia |
| 610 | 2 | 0 | |a trh |
| 100 | 1 | |a Kita, Pavol | |